000 00643nam a22002177a 4500
008 150617b xxu||||| |||| 00| 0 eng d
020 _a9789814307024
020 _a9814307025
041 0 _aeng
080 _a330
100 1 _aThompson, Henry.
245 1 0 _aInternational economics :
_cHenry Thompson.
250 _a3rd ed.
260 _aHackensack, NJ :
_bWorld Scientific Pub.,
_c2011.
300 _a437 f.:
_bme il.;
_c26 cm.
500 _aPreface for Students: f. v
500 _aPreface for Instructors: f. vii
650 0 _aTregëtia ndërkombëtare
650 0 _aGlobalizimi
942 _2udc
_cBK
999 _c1052
_d1052